Most Populous Connecticut Municipalities in 1850 - Statistics

General Stats
  • This quiz has been taken 4 times
  • The average score is 7 of 10
Answer Stats
Population County Status Municipality % Correct
7,560 Fairfield City Bridgeport
100%
17,966 ________ City Hartford
100%
20,345 ___ _____ City New Haven
100%
8,991 ___ ______ City New London
100%
5,036 Fairfield Town Greenwich
67%
6,139 New London City Norwich
67%
5,753 New London Town Stonington
67%
5,964 Fairfield Town Danbury
33%
4,651 Fairfield Town Norwalk
33%
4,638 Windham Town Thompson
0%
No matching quizzes found
Score Distribution
Percent of People with Each Score
Percentile by Number Answered
Your Score History
You have not taken this quiz